Państwa najbliższe nieznanego państwa #1 - Statystyki

Ogólne statystyki
  • Ten quiz został rozwiązany 8 510 razy
    8 493 od ostatniego zresetowania
  • Średni wynik to 13 z 25
Statystyki odpowiedzi
Państwo % Poprawnych
Ł Łotwa
84%
O Oman
80%
R Republika Południowej Afryki
66%
Z Zimbabwe
66%
A Angola
64%
D Demokratyczna Republika Konga
64%
V Vanuatu
64%
U Uganda
57%
C Czad
56%
E Eswatini
56%
J Jemen
54%
B Botswana
53%
Nieznane LESOTHO
51%
N Namibia
51%
F Francja
49%
M Mozambik
49%
T Tanzania
48%
G Gabon
44%
S Seszele
39%
H Hiszpania
35%
K Komory
34%
I Izrael
33%
L Liberia
31%
P Pakistan
22%
W Wyspy Świętego Tomasza i Książęca
22%
Nie znaleziono quizów pasujących do podanych kryteriów
Rozkład punktacji
Procent ludzi z każdym wynikiem
Percentyl według liczby udzielonych odpowiedzi
Twoja historia wyników
Nie rozwiązałeś tego quizu od ostatniego zresetowania